Strip - Paroles - Vald - Statistiques

Statistiques générales
  • Ce quiz a été pris 115 fois
  • Le résultat moyen est 259 sur 418
Statistiques - réponses
Paroles % Correct
ce
93%
la
93%
La
93%
93%
de
92%
le
92%
Le
92%
ca
90%
Ca,
90%
fait
90%
les
90%
Les
90%
on
90%
pour
90%
Pour
90%
qu'a
90%
ma
89%
et
87%
Et
87%
me
87%
place,
87%
qui
87%
à
85%
casse
85%
c'est
84%
C'est
84%
Faites
84%
gars
84%
gars,
84%
quatre
84%
ton
82%
veulent,
82%
vous
82%
merde,
80%
merde?
80%
merde ?
80%
celles
79%
chacun"
79%
chacun
79%
QUOI ?
79%
quoi
79%
Quoi,
79%
dans
77%
des
77%
canapé
75%
comme
75%
que
75%
Sarah,
75%
un
75%
est
74%
pas
74%
revient
74%
tes
74%
t'es
74%
Elle
72%
j'ai
72%
moi,
72%
moi
72%
tout
72%
tout,
72%
dansent
70%
"excusez
70%
glisser
70%
glisser ?
70%
Quatre-vingt
70%
quatre-vingt
70%
y'a
70%
êtes
69%
J'espere
69%
lui
69%
pétasses
69%
prix
69%
prix,
69%
sur
69%
une
69%
balles
67%
balles,
67%
bon,
67%
combien ?
67%
Coucou
67%
merdes
67%
mon
67%
Va
67%
conso'
66%
j'pouvais
66%
j'vous
66%
nom
66%
podium
66%
quand
66%
du
64%
64%
gratuite
64%
même
64%
pouvez
64%
t'as
64%
t'as ?"
64%
T'as
64%
crois
62%
cul
62%
Mais
62%
Tu
62%
tu
62%
vos
62%
20e
61%
caresse
61%
l'litre !
61%
partout,
59%
rentrer
59%
rideau,
59%
rideau !
59%
whisky"
59%
engrosser,
57%
j'enlève
57%
puis
57%
puis,
57%
putain
57%
"putain
57%
vies
57%
"Ah
56%
Ah,
56%
aussi
56%
chansons,
56%
d'anorexique ?
56%
dis
56%
gueule
56%
honte
56%
l'aise,
56%
mettre
56%
ptite
56%
sang
56%
t'faire
56%
trop
56%
c'était
54%
conneries ?
54%
deux
54%
gouda,
54%
gouda
54%
trous
54%
danseuse
52%
d'coca
52%
d'être
52%
enceinte
52%
j'suis
52%
macrelle
52%
pendant
52%
beaucoup
51%
deja
51%
dirait
51%
Nan,
51%
"Nan,
51%
oui,
51%
sérieux,
51%
crampons,
49%
d'bosser ?
49%
d'continuer
49%
Faut
49%
la-cui
49%
m'dit
49%
strip-club
49%
tarif,
49%
tires
49%
ans"
48%
Attends
48%
compris,
48%
D'ailleurs,
48%
d'pute
48%
nous
48%
qu'j'ai
48%
racontez-moi
48%
club
46%
cuisses,
46%
donnes
46%
maintenant
46%
mal
46%
m'livrer
46%
parler,
46%
plus
46%
tôt
46%
bah
44%
bien
44%
débauchée
44%
dire
44%
dire ?
44%
enculé
44%
fille
44%
il
44%
logique,
44%
Enfin,
43%
enfin
43%
J'aime
43%
jambes
43%
pieds,
43%
police,
43%
police !
43%
qu'est-ce
43%
Qu'est-ce
43%
strip-tease"
43%
t'entendre
43%
toucher
43%
appelez
41%
d'si
41%
j'veux
41%
l'ambiance
41%
l'fais
41%
ptit peu
41%
qu'j'vais
41%
dis-moi
39%
Elles
39%
étrange"
39%
j'économise
39%
putes
39%
bitch
38%
chattes
38%
engrossée,
38%
pouviez
38%
sous
38%
terre
38%
tiennent
38%
vite
38%
arrivent
36%
dong
36%
j'adore
36%
j'fais
36%
keufs
36%
ministre"
36%
reconnaisse
36%
s'retrouve
36%
vingt-deux
36%
ding
34%
mesdames,
34%
Fallait
33%
"gros,
33%
j'lui
33%
qu'le
33%
tous
33%
attrapent
31%
dédicace
31%
HEIN
31%
seul
31%
soulard
31%
j'aurais
30%
strip-teaseuse,
30%
veuille
30%
qu'ces
28%
"dis-donc,
26%
Ouh
26%
"shoote
26%
V-A-L-D,
26%
discute,
25%
Embarquez,
25%
prendre
23%
voulez
23%
Alizée
21%
Bloqués
21%
d'selfie
21%
en-en
21%
d'trouer
20%
vient
18%
crise
13%
qu'cette
13%
hey,
11%
BLAH
10%
histoire-là ?
10%
lala
10%
Agatha
5%
DA-DAM
3%
REFRAIN
2%
d'merdre,
0%
Aucun quiz correspondant
Distribution des résultats
% des personnes avec chaque résultat
Percentile par nombre de réponses
Votre historique - résultats
Vous n’avez pas pris ce quiz